| 000 | 00418nam a22001697a 4500 | ||
|---|---|---|---|
| 003 | OSt | ||
| 005 | 20211111084353.0 | ||
| 008 | 211111b |||||||| |||| 00| 0 eng d | ||
| 020 | _a9780471470656 | ||
| 040 | _cHU | ||
| 082 | _a647 | ||
| 100 |
_aDENNEY G. RUTHERFORD PH. D. _917812 |
||
| 245 | _aHOTEL MANAGEMENMT AND NOPERATION | ||
| 260 |
_bAMERICA _aUNITED STATE _c2007 |
||
| 300 | _a478 | ||
| 942 |
_2ddc _cBOOKS _n0 |
||
| 999 |
_c17605 _d17605 |
||